LIBRARY & INFORMATION CENTRE, KCAET, TAVANUR

ONLINE PUBLIC ACCESS CATALOGUE (OPAC)

Parliamentary Goverment in India / (Record no. 12395)

MARC details
000 -LEADER
fixed length control field 00425cam a2200169ua 4500
041 ## - LANGUAGE CODE
Language code of text/sound track or separate title eng
082 ## - DEWEY DECIMAL CLASSIFICATION NUMBER
Classification number 328.3
Item number GOP/Ap
100 ## - MAIN ENTRY--AUTHOR NAME
Personal name Gopala, Menon N .
245 ## - TITLE STATEMENT
Title Parliamentary Goverment in India /
260 ## - PUBLICATION, DISTRIBUTION, ETC. (IMPRINT)
Place of publication Lucknow :
Name of publisher Viswa vidyalay ,
Year of publication 1958.
300 ## - PHYSICAL DESCRIPTION
Number of Pages 174 ; .
942 ## - ADDED ENTRY ELEMENTS (KOHA)
Koha item type Books
Holdings
Withdrawn status Lost status Damaged status Home library Current library Date acquired Cost, normal purchase price Full call number Accession Number Koha item type Public note
Withdrawn     KAUAET Sanskrit University 07/04/2012 5.00 328.3 7460 Books Transferred to Sanskrit University
free website counter